000 00495nam a2200181Ia 4500
005 20250923144455.0
008 008 250917s9999 xx 000 0 eng d
037 _aTextual
040 _aDSWL
_beng
_cDSWL
041 _aeng
_2eng
084 _qDSWL
100 _aBryson, Finkelstein
_9825241
245 0 _aApproaches to national unity
_cby Finkelstein Bryson
260 _aNew
_b Harper & Bros
_c1945
300 _axxiv,1037p.
942 _cTEXL
999 _c1439338
_d1439338